Library Banner

Statistical concepts : A basic program (Record no. 129516)

MARC details
000 -LEADER
fixed length control field 00577nam a2200205Ia 4500
001 - CONTROL NUMBER
control field 11307
003 - CONTROL NUMBER IDENTIFIER
control field PK-LaUMT
005 - DATE AND TIME OF LATEST TRANSACTION
control field 20221115124527.0
008 - FIXED-LENGTH DATA ELEMENTS--GENERAL INFORMATION
fixed length control field 140331s9999 xx 000 0 und d
020 ## - INTERNATIONAL STANDARD BOOK NUMBER
International Standard Book Number 0-673-99440-6
040 ## - CATALOGING SOURCE
Transcribing agency PK-LaUMT
082 ## - DEWEY DECIMAL CLASSIFICATION NUMBER
Classification number 519.5077
Item number BRO-S
100 ## - MAIN ENTRY--PERSONAL NAME
Personal name Amos, Jimmy R., J.T.; (Mink, Oscar G.), J.T.
245 ## - TITLE STATEMENT
Title Statistical concepts : A basic program
Statement of responsibility, etc Amos, Jimmy R., J.T.; (Mink, Oscar G.), J.T.<>Brown, Foster Lloyd
260 ## - PUBLICATION, DISTRIBUTION, ETC. (IMPRINT)
Date of publication, distribution, etc 1995
300 ## - PHYSICAL DESCRIPTION
Extent 192 p.
546 ## - LANGUAGE NOTE
Language note EN
700 ## - ADDED ENTRY--PERSONAL NAME
Personal name Brown, Foster Lloyd
942 ## - ADDED ENTRY ELEMENTS (KOHA)
Koha item type Stocktaking Record 2001
Source of classification or shelving scheme Dewey Decimal Classification
Holdings
Withdrawn status Lost status Source of classification or shelving scheme Damaged status Not for loan Home library Current library Date acquired Total Checkouts Full call number Barcode Date last seen Price effective from Koha item type
    Dewey Decimal Classification     UMT Main Campus UMT Main Campus 2022-11-15   519.5077 BRO-S 13283 2022-11-15 2022-11-15 Stocktaking Record 2001